The Chinese of Semarang: a changing minority community in Indonesia.

Bibliographic Details
Main Author: Willmott, Donald Earl, 1925-
Format: Book
Language:English
Published: Ithaca, N.Y. : Cornell University Press, [1960]
Subjects:

MARC

Tag First Indicator Second Indicator Subfields
LEADER 00000cam a2200000 4500
001 in00000057507
005 20151007082150.0
008 720920s1960 eng u
010 |a  60051392  
035 |a (OCoLC)00410747 
035 |9 AAF7472AM 
040 |c WSU  |d OCL  |d TXA  |d UtOrBLW 
049 |a TXAM  |c [329290] 
090 |a DS632.C5  |b W52 
092 |a 325.251  |b W738c 
100 1 |a Willmott, Donald Earl,  |d 1925- 
245 1 4 |a The Chinese of Semarang: a changing minority community in Indonesia. 
264 1 |a Ithaca, N.Y. :  |b Cornell University Press,  |c [1960] 
300 |a 374 pages 
336 |a text  |b txt  |2 rdacontent 
337 |a unmediated  |b n  |2 rdamedia 
338 |a volume  |b nc  |2 rdacarrier 
504 |a Bibliographical footnotes. 
650 0 |a Chinese  |z Semarang (Residentie) 
650 0 |a Chinese  |z Indonesia. 
999 |a MARS 
999 f f |s a523cb9c-7ef5-3044-9815-33e05320f13d  |i 471a5226-4acc-3c32-a0b4-bb3391906eb5  |t 0 
952 f f |p ric  |a Texas A&M University  |b Rellis Campus  |c Joint Library Facility  |d Remote Storage  |t 0  |e DS632.C5 W52  |h Library of Congress classification  |i unmediated -- volume  |m A14800669005 
998 f f |a DS632.C5 W52  |t 0  |l Remote Storage